000
00286nam a2200133Ia 4500
008
191201s2011 xx 000 0 und d
100
_a
GUPTA,SL
245
0
_a
SPSS 17.0 For Researchers
250
_a
2nd
260
_a
IBH
_b
IBH
_c
2011
300
_a
345
650
_a
BBA
942
_2
ddc
_c
BK
999
_c
397
_d
397